000 00364 a2200169 4500
001 184542
020 _a85-322-5212-5
040 _cMagnum
100 _aRocha, Ruth
240 1 0 _aA cinderela das bonecas
_lpor
245 1 0 _aA cinderela das bonecas
300 _a28
362 0 _a2004
440 1 _aFTD
697 _aLITERATURA INFANTO-JUVENIL
942 _cBK
999 _c184542
_d184542